| 000 | 01122cab a2200205 4500 | ||
|---|---|---|---|
| 001 | ABS67303 | ||
| 008 | 040107n2003 000 0 eng u | ||
| 035 | _a(Sirsi) u124748 | ||
| 100 | _aCullingworth, R. | ||
| 245 | _aAssessing passenger lifts | ||
| 260 | _c2003 | ||
| 490 |
_aAccess by Design _v (97) Winter 2003, 26-28(3) |
||
| 520 | _aLooks at assessing passenger lifts which are vital for disabled access in multi-storey buildings. Advises assessment should be made in relation to BS 8300: 2001 "Design of buildings and their approaches to meet the needs of disabled people: code of practice". Recommends gathering all the technical information about lifts and analysing it. Relevant standards need to be bought and information on the site, with photographs, should be collated. Advises looking at the usability of the lift rather than applying design guidance mechanically. | ||
| 590 | _aABS | ||
| 650 | _aLIFTS | ||
| 650 | _aMANAGEMENT-BUSINESS MANAGEMENT-DISCRIMINATION-DISABILITY DISCRIMINATION-ACCESSIBILITY | ||
| 650 | _aBS 8300: 2001 | ||
| 690 | _aBUILT ENVIRONMENT-CONSTRUCTION DESIGN | ||
| 942 | _n0 | ||
| 999 |
_c74037 _d74037 |
||